| 000 | 00612nam a2200229Ia 4500 | ||
|---|---|---|---|
| 008 | 160319s9999 xx 000 0 und d | ||
| 020 | _a0-439381142 | ||
| 050 | _aFic | ||
| 050 | _b.H313d 1999 | ||
| 100 | _aHarris, Trudy | ||
| 245 | _a100 days of school / | ||
| 245 | _cby Trudy Harris ; art by Beth Griffis Johnson. | ||
| 260 | _aBrookfield, Conn. : | ||
| 260 | _bMillbrook Press | ||
| 260 | _c1999 | ||
| 300 | _bcolor illustrations ; | ||
| 300 | _c27 cm. | ||
| 650 | _aAddition -- | ||
| 650 | _aHundred (The number) -- | ||
| 650 | _xJuvenile literature. | ||
| 650 | _xJuvenile literature. | ||
| 999 |
_c292031 _d292031 |
||